01389nam a22003498a 4500001001000000003000400010005001700014008004100031020002500072020002200097040003600119082002100155100002800176245012000204246004400324246005400368246003300422250001300455260005700468300003700525500002600562500002500588500005000613650005700663650005200720653002300772655002400795700003300819942002100852999001700873952014900890016081857OSt20141102123851.0120501t2013 xxua frf 001 0 eng d a9780323084819 (pbk.) a0323084818 (pbk.) aStDuBDSbengcStDuBDSdEG-ScBUE00a615.855222bGAH1 aGahart, Betty L.93639710aIntravenous medications :ba handbook for nurses and health professionals /cBetty L. Gahart, Adrienne R. Nazareno.3 aTwenty thirteen intravenous medications3 aTwo thousand and thirteen intravenous medications34a2013 intravenous medications a29th ed. aSt. Louis, United States :bElsevier Mosby,cc.2013. axxv, 1252 p. :btables ;c23 cm. aIndex : p. 1229-1252. aIncludes appendixes. aThe #1 IV drug reference for nearly 40 years. 0aIntravenous therapy927234vHandbooks, manuals, etc. 0aPharmacopoeias936399vHandbooks, manuals, etc. bNNURcNovember2014 vreading book9342321 aNazareno, Adrienne R.936398 2ddck615.855 GAH c18530d18502 00102ddc40708BaccahaMAINbMAINc0THd2014-11-02epurchaseg249.00h20526l0o615.855 GAHp000036898r2025-07-15 00:00:00v311.25yREFERENCE